000 01399cam a22001814a 4500
005 20250605164400.0
008 250528s ||||||||||||||||||||||||d
035 _a24565
040 _aGR-AtMCL
_bgre
_dGR-AtMCL
_eAACR2
245 1 _aΠώς Αλλάζει ο Χάρτης των Ελληνικών Εξαγωγών
260 _bΕμπορικό Και Βιομηχανικό Επιμελητήριο Αθηνών,
_c2021
300 _a64
520 _aΕπίσκεψη Κυβερνητικής Αποστολής από τη Μόσχα, Πρόεδρος ΕΒΕΑ: Η Ελλάδα Κινείται προς Ένα Ισχυρό Αναπτυξιακό Παραγωγικό Μοντέλο, ntzns: Φανταστείτε τα Ρούχα σας να είναι Φτιαγμένα από Pixels, Άλμα 34,6% στις Εξαγωγές τον Αύγουστο, Οι Βρυξέλλες Αποκλείουν Νέα Lockdown, Το Νέο Πρόγραμμα ' Εξοικονομώ, Πρόκλησ και Όραμα η Ενίσχυση του Ελληνικού Νηολογίου, Αυξάνεται η Διαφάνεια στις On Line Αγορές, Οι Εταιρείες πρέπει να Μοιράζονται Δεδομένα μόνο με Αξιόπιστα Τρίτα Μέρη.
700 1 _aΜπρατάκος Γιάννης
_99480
942 _cCR
999 _c9439
_d9439